01928 a2200205 450000100040000000500170000400800410002100300150006204000400007708000640011724500560018102000180023725000110025526400390026630000180030550511720032310000290149570000270152485601710155126720260407155418.0260407a1997 arg spa dAR-UNSa-BCEJYS aAR-UNSa-BCEJYSbspacAR-UNSa-BCEJYS a658xAdministración de empresas. Organización comercial10aLa administración en una epoca de grandes cambios a950-07-1127-3 a2a. ed 1aBuenos Aires :bSudamericanac1997 a251 p.c23 cm a1. La teoría de la empresa - 2. Planificar para lo incierto - 3. Los cinco pecados capitales de la empresa - 4. La gestión de la empresa familiar - 5. Seis reglas para presidentes - 6. La gestión en la sociedad reticular - 7. La nueva sociedad de las organizaciones - 8. Hay tres clases de equipos - 9. La revolución informativa en los comercios - 10. Aprenda a manejar datos. Sepa qué hacer - 11. Necesitamos medir, no contar - 12. La información que los ejecutivos necesitan hoy - 13. Lecciones de la economía mundial - 14. El desplazamiento del poder en la economía de Estados Unidos - 15. Allí donde están los nuevos mercados - 16. La franja del Pacífico y la economía mundial - 17. Los mercados chinos en expansión - 18. ¿Japón S.A. está llegando a su fin? - 19. Un dólar débil fortalece a Japón - 20. La nueva superpotencia: los chinos de fuera de China - 21. Un siglo de transformaciones sociales - 22. Fortalecer las organizaciones no lucrativas resultará lucrativo para nosotros - 23. El trabajo del saber y los objetivos de hombres y mujeres - 24. Reinventar el gobierno - 25. ¿Las democracias pueden ganar la paz?1 aDrucker, Peter Ferdinand1 aMerino, María Isabel41uhttps://biblioeco.unsa.edu.ar/pmb/images/libros/La administraci?n en una epoca de grandes cambios Drucker, Peter Ferdinand (2004) .jpgyImagen de portadaqimage/jpeg